00924cam a22002531 4500001001300000003000400013005001700017008004100034010001700075035001900092040001800111050002100129110004800150245016900198260004800367300002700415500001700442650005900459650003000518610004800548700002300596740003400619999001700653l 54000134 DLC20260227111544.0790907s1954 dcu f000 0 eng  al 54000134  a(OCoLC)5349548 aDLCcArUdDLC00aHD8064b.A5 19541 aUnited States.bBureau of Labor Statistics.10aGuide to employment statistics of BLS;bemployment, hours and earnings, labor turnoverc[by Frances E. Bailey of the Division of Manpower and Employment Statistics. aWashington,bU.S. Govt. Print. Off.,c1954] a77 p.btables.c26 cm. aCover Title. 0aLabor and laboring classeszUnited StatesxStatistics. 0aIndustriesvDictionaries.10aUnited States.bBureau of Labor Statistics.1 aBailey, Frances E.0 aEmployment statistics of BLS. c36851d36851